000 00612nam a2200229 i 4500
001 C2-0226712
003 PPAK
005 20180728154352.0
008 000629s xx |||| ||||| | may d
040 _aPPAK
_beng
_cPPAK
_erda
082 0 4 _a133.9
_223
090 0 0 _a133.9
_bKER
_dKK
090 0 0 _a133.9
_bKER
_dKSI
245 0 0 _aKeramat Tok Tanjung Serban Hijau di Tanjung Inggeris Kedah
300 _a5 pages ;
_c30 cm
336 _2rdacontent
_atext
337 _2rdamedia
_aunmediated
338 _2rdacarrier
_avolume
500 _aNota-nota ringkas
650 1 0 _aSpiritualism - Kedah
942 _ddc
_cB
999 _c146947
_d146947